000 00621nam a2200193Ia 4500
008 090123s9999 xx 000 0 und d
082 _b36525
100 _aपेरेइरा ए.पी.
245 _aतीस दिवसात यश
250 _a1
260 _bमेहता प्रकाशन
_c2004
300 _a142
600 _aपेरेइरा ए.पी.
630 _aतीस दिवसात यश
700 _aदेशपांडे विश्वनाथ
700 _aपेरेइरा ए.पी.
730 _aतीस दिवसात यश
942 _cBOOK
999 _c74593
_d74593